| 000 | 00702cab a2200193 4500 | ||
|---|---|---|---|
| 001 | WB2309-34 | ||
| 008 | 090401t1987 xxu||||| |||| 00| 0 eng d | ||
| 035 | _a(Sirsi) u26964 | ||
| 041 | _aeng | ||
| 245 | _aHillier Parker to combine divisions | ||
| 260 | _c1987 | ||
| 350 | _a0 | ||
| 490 |
_aChartered Surveyor Weekly _vvol 18 no 8 26/2/87 p6 |
||
| 520 | _aRelates Hillier Parker `s plans to merge their office and industrial departments to provide a better service to their clients. The new department is to be called Hillier Parker Business Space . | ||
| 650 | _aABOUT RICS-RICS MEMBERS | ||
| 690 | _aMANAGEMENT-BUSINESS MANAGEMENT-PROFESSIONAL PRACTICE | ||
| 942 | _n0 | ||
| 948 | _c04/03/1997 | ||
| 999 |
_c18165 _d18165 |
||